<?xml version="1.0" encoding="UTF-8"?>
<collection xmlns="http://www.loc.gov/MARC21/slim">
 <record>
  <leader>01243nam a2200217Ia 4500</leader>
  <controlfield tag="001">TDMU_28005</controlfield>
  <controlfield tag="008">210410s9999    xx            000 0 und d</controlfield>
  <datafield tag="082" ind1=" " ind2=" ">
   <subfield code="a">657</subfield>
  </datafield>
  <datafield tag="090" ind1=" " ind2=" ">
   <subfield code="b">PH104</subfield>
  </datafield>
  <datafield tag="100" ind1=" " ind2=" ">
   <subfield code="a">Phạm, Thế Tri</subfield>
  </datafield>
  <datafield tag="245" ind1=" " ind2="0">
   <subfield code="a">Giáo trình quản trị học</subfield>
  </datafield>
  <datafield tag="245" ind1=" " ind2="0">
   <subfield code="c">Phạm Thế Tri</subfield>
  </datafield>
  <datafield tag="260" ind1=" " ind2=" ">
   <subfield code="a">Tp. Hồ Chí Minh</subfield>
  </datafield>
  <datafield tag="260" ind1=" " ind2=" ">
   <subfield code="b">Đại học Quốc gia Tp. Hồ Chí Minh</subfield>
  </datafield>
  <datafield tag="260" ind1=" " ind2=" ">
   <subfield code="c">2016</subfield>
  </datafield>
  <datafield tag="300" ind1=" " ind2=" ">
   <subfield code="a">415 tr.</subfield>
  </datafield>
  <datafield tag="520" ind1=" " ind2=" ">
   <subfield code="a">Tài liệu tham khảo tr. 414-415; </subfield>
   <subfield code="g">Chương 1.</subfield>
   <subfield code="t">Quản trị - Mục tiêu và yếu tố môi trường --</subfield>
   <subfield code="g">Chương 2.</subfield>
   <subfield code="t">Sự phát triển của lý thuyết quản trị --</subfield>
   <subfield code="g">Chương 3.</subfield>
   <subfield code="t">Thông tin và quản trị thông tin --</subfield>
   <subfield code="g">Chương 4.</subfield>
   <subfield code="t">Quyết định --</subfield>
   <subfield code="g">Chương 5.</subfield>
   <subfield code="t">Chức năng hoạch định --</subfield>
   <subfield code="g">Chương 6.</subfield>
   <subfield code="t">Chức năng tổ chức --</subfield>
   <subfield code="g">Chương 7.</subfield>
   <subfield code="t">Chức năng lãnh đạo --</subfield>
   <subfield code="g">Chương 8.</subfield>
   <subfield code="t">Chức năng kiểm tra</subfield>
  </datafield>
  <datafield tag="650" ind1=" " ind2=" ">
   <subfield code="a">Quản trị học; Quản trị thông tin</subfield>
  </datafield>
  <datafield tag="700" ind1=" " ind2=" ">
   <subfield code="a">Trường Đại học Kinh tế - Luật Tp. Hồ Chí Minh</subfield>
  </datafield>
  <datafield tag="856" ind1=" " ind2=" ">
   <subfield code="u">http://lrc.tdmu.edu.vn/opac/search/detail.asp?aID=2&amp;ID=28005</subfield>
  </datafield>
  <datafield tag="980" ind1=" " ind2=" ">
   <subfield code="a">Trung tâm Học liệu Trường Đại học Thủ Dầu Một</subfield>
  </datafield>
 </record>
</collection>
